| 000 | 00633cam a2200181 4500500 | ||
|---|---|---|---|
| 005 | 20251102003558.0 | ||
| 041 | _afre | ||
| 042 | _adc | ||
| 100 | 1 | 0 |
_aDamon, Julien _eauthor |
| 700 | 1 | 0 |
_aLenoir, Daniel _eauthor |
| 700 | 1 | 0 |
_aChavagneux, Christian _eauthor |
| 700 | 1 | 0 |
_aMouzon, Céline _eauthor |
| 245 | 0 | 0 | _a« La sécurité sociale est une gigantesque usine à redistribuer » |
| 260 | _c2025. | ||
| 500 | _a7 | ||
| 786 | 0 | _nAlternatives Économiques | 463 | 10 | 2025-10-21 | p. 39-42 | 0247-3739 | |
| 856 | 4 | 1 | _uhttps://shs.cairn.info/magazine-alternatives-economiques-2025-12-page-39?lang=fr&redirect-ssocas=7080 |
| 999 |
_c1560111 _d1560111 |
||